Analýza inovačnej aktivity v slovenskom priemysle
Inovácie v priemysle ako jeden z hlavných determinantov jeho rozvoja. Analýza inovačnej aktivity podnikov priemyslu SR. Podľa metodiky Eurostatu boli do analýzy inovačnej aktivity zahrnuté podniky v odvetviach priemyslu podľa OKEČ: C- ťažba nerastných surovín, D- spracovateľský priemysel, E- výroba...
Saved in:
| Main Author: | |
|---|---|
| Format: | Book Chapter |
| Language: | Slovak |
| Subjects: | |
| Tags: |
No Tags, Be the first to tag this record!
|
MARC
| LEADER | 00000naa$a2200000$$$4500 | ||
|---|---|---|---|
| 001 | 0066524 | ||
| 005 | 20240502083158.9 | ||
| 041 | 0 | |a slo | |
| 044 | |a CZ | ||
| 245 | 1 | 0 | |a Analýza inovačnej aktivity v slovenskom priemysle |c Jaroslava Hečková |
| 520 | |a Inovácie v priemysle ako jeden z hlavných determinantov jeho rozvoja. Analýza inovačnej aktivity podnikov priemyslu SR. Podľa metodiky Eurostatu boli do analýzy inovačnej aktivity zahrnuté podniky v odvetviach priemyslu podľa OKEČ: C- ťažba nerastných surovín, D- spracovateľský priemysel, E- výroba a rozvod elektriny, plynu a vody. Údaje boli výsledkom štatistického zisťovania o inováciách Štatistickým úradom SR v období rokov: 1997-1999, 1999-2001, 2001-2003. | ||
| 610 | 2 | 0 | |a inovácia |
| 610 | 2 | 0 | |a priemysel |
| 610 | 2 | 0 | |a výskum štatistický |
| 610 | 2 | 0 | |a Slovensko |
| 610 | 2 | 0 | |a stratégia inovačná |
| 610 | 2 | 0 | |a výdavky |
| 610 | 2 | 0 | |a odvetvia činnosti ekonomickej |
| 100 | 1 | |a Hečková, Jaroslava | |